LIBRARY & INFORMATION CENTRE, KCAET, TAVANUR

ONLINE PUBLIC ACCESS CATALOGUE (OPAC)

Practical plane geometry / (Record no. 3006)

MARC details
000 -LEADER
fixed length control field 00705cam a2200301ua 4500
041 ## - LANGUAGE CODE
Language code of text/sound track or separate title eng
082 ## - DEWEY DECIMAL CLASSIFICATION NUMBER
Classification number 516.05
Item number RAJ/PR
100 ## - MAIN ENTRY--AUTHOR NAME
Personal name Rajaraman, s .
245 ## - TITLE STATEMENT
Title Practical plane geometry /
250 ## - EDITION STATEMENT
Edition statement 5 /
260 ## - PUBLICATION, DISTRIBUTION, ETC. (IMPRINT)
Place of publication Trivandrum :
Name of publisher The St.Joseph Press ,
Year of publication 1962.
300 ## - PHYSICAL DESCRIPTION
Number of Pages 114 ; .
942 ## - ADDED ENTRY ELEMENTS (KOHA)
Koha item type Books
Holdings
Withdrawn status Lost status Damaged status Home library Current library Date acquired Cost, normal purchase price Full call number Accession Number Koha item type
Withdrawn     KAUAET KAUAET 07/04/2012 2.25 516.05 7155 Books
Withdrawn     KAUAET KAUAET 07/04/2012 2.25 516.05 7148 Books
Withdrawn     KAUAET KAUAET 07/04/2012 2.25 516.05 7149 Books
Withdrawn     KAUAET KAUAET 07/04/2012 2.25 516.05 7159 Books
Withdrawn     KAUAET KAUAET 07/04/2012 2.25 516.05 7158 Books
Withdrawn     KAUAET KAUAET 07/04/2012 2.25 516.05 7154 Books
Withdrawn     KAUAET KAUAET 07/04/2012 2.25 516.05 7157 Books
Withdrawn     KAUAET KAUAET 07/04/2012 2.25 516.05 7150 Books
Withdrawn     KAUAET KAUAET 07/04/2012 2.25 516.05 7151 Books
Withdrawn     KAUAET KAUAET 07/04/2012 2.25 516.05 7156 Books
Withdrawn     KAUAET KAUAET 07/04/2012 2.25 516.05 7152 Books
free website counter